Ekstremaľnyje metody rešenija nekorrektnych zadač i priloženija k obratnym zadačam teploobmena /

Gespeichert in:
Bibliographische Detailangaben
Hauptverfasser: Alitanov, O.M (Verfasst von), Arťuchin, Be.A (Verfasst von), Rumiancev, S.V (Verfasst von)
Format: Buch
Sprache:Russisch
Veröffentlicht: Moskva : Nauka, 1988
Tags: Tag hinzufügen
Keine Tags, Fügen Sie das erste Tag hinzu!

MARC

LEADER 00000nam a22000003a 4500
001 stu3036
005 20150617225615.8
008 930129s1988----xxr-----------------rus-d
040 |a STU  |b slo 
041 0 |a rus 
044 |a xxr 
080 |a 517.988.68  |7 stu_us_auth*stu7595 
100 1 |a Alitanov, O.M  |4 aut 
245 1 |a Ekstremaľnyje metody rešenija nekorrektnych zadač i priloženija k obratnym zadačam teploobmena /  |c [aut.] Alitanov,O.M.; Arťuchin,Be.A.; Rumiancev,S.V 
260 |a Moskva :  |b Nauka,  |c 1988 
300 |a 285 s 
700 1 |a Arťuchin, Be.A  |4 aut 
700 1 |a Rumiancev, S.V  |4 aut 
996 |b E67501  |c E*67501  |l EE03  |s P  |a 0  |w stu3036_0001